Od 1. januára 2000 zmena v zákone o dlhopisoch

Novela zákona o dlhopisoch s účinnosťou od 1.1.2000. Zmeny oproti predchádzajúcemu stavu. Prehľad ustanovení k zákonu č. 530/1990 Zb. o dlhopisoch. Úplné znenie zákona č. 530/1999 Zb. o dlhopisoch v znení neskorších zákonov a zákona č. 361/1999 Z.z. Citácia odkazov a poznámok po čiarou k zákonu o dl...

Ausführliche Beschreibung

Gespeichert in:
Bibliographische Detailangaben
1. Verfasser: Kohút, Jozef
Format: Buchkapitel
Sprache:Slowakisch
Schlagworte:
Tags: Tag hinzufügen
Keine Tags, Fügen Sie das erste Tag hinzu!

MARC

LEADER 00000naa a2200000 4500
001 r037737
005 20230809070730.2
041 0 |a slo 
044 |a SK 
245 1 0 |a Od 1. januára 2000 zmena v zákone o dlhopisoch  |c Jozef Kohút 
520 |a Novela zákona o dlhopisoch s účinnosťou od 1.1.2000. Zmeny oproti predchádzajúcemu stavu. Prehľad ustanovení k zákonu č. 530/1990 Zb. o dlhopisoch. Úplné znenie zákona č. 530/1999 Zb. o dlhopisoch v znení neskorších zákonov a zákona č. 361/1999 Z.z. Citácia odkazov a poznámok po čiarou k zákonu o dlhopisoch. 
610 2 0 |a dlhopisy 
610 2 0 |a zákony 
610 2 0 |a novelizácia 
610 2 0 |a Slovensko 
610 2 0 |a komentáre 
610 2 0 |a 1990-1999 
100 1 |a Kohút, Jozef